000 00766cab a2200217 4500
001 WB3130-05
008 090401t1995 xxu||||| |||| 00| 0 eng d
035 _a(Sirsi) u45829
041 _aeng
245 _aFrogmore buys Butlers Wharf site
260 _c1995
350 _a0
490 _aFinancial Times
_v4 August 1995, 22(1)
520 _aFrogmore Estates has bought a package of land and buildings at Butlers Wharf on the south bank of the Thames. Frogmore hopes to redevelop the site with a mix of offices, flats and retail space.
650 _aBUTLERS WHARF
650 _aFROGMORE ESTATES
650 _aSOUTH BANK OF LONDON
690 _aPROPERTY-COMMERCIAL PROPERTY-COMMERCIAL PROPERTY FINANCE AND INVESTMENT
942 _n0
948 _c04/03/1997
999 _c28994
_d28994